| 000 | 00891nam0a22002531 4500 | ||
|---|---|---|---|
| 001 | rc\4234603 | ||
| 005 | 20250612023414.0 | ||
| 021 |
_aRU _b[67-13848] |
||
| 035 | _a(NLR Aleph) 008466149 | ||
| 090 |
_a7900329 _c7900329 |
||
| 100 | _a20130416d1967 |||y0rusy50 ca | ||
| 101 | 0 | _arus | |
| 102 | _aRU | ||
| 105 | _aa z ||||| | ||
| 200 | 1 | _aОпыт работы Таллинского таксомоторного парка по техническому обслуживанию и ремонту автомобилей | |
| 210 |
_aТаллин _cВалгус _d1967 |
||
| 215 |
_a36 с. _cил. _d21 |
||
| 606 |
_aАвтомобили легковые-такси _xУход и обслуживание _2psbo |
||
| 700 | 1 |
_aАнвельт _bЯ.Я. _gЯан Яанович |
|
| 801 | 0 |
_aRU _bNLR _gpsbo |
|
| 801 | 1 |
_aRU _bELAR _2rusmarc |
|
| 852 |
_aNLR _j67-6/2984 |
||
| 942 | _cBOOK | ||
| 980 | _aNB | ||